| 000 | 00426cam a2200181ua 4500 | ||
|---|---|---|---|
| 020 | _c2.00 | ||
| 041 |
_ahin _h |
||
| 082 |
_a891.54 _bMAI/BH |
||
| 100 | _aMydhilisharan, Gupta . | ||
| 245 |
_aBharat-Bharati / _cMydhilisharan gupta. _hTextual Documents |
||
| 250 |
_a8 / _b. |
||
| 260 |
_a : _bSahithya Sadan , _c1960. |
||
| 300 | _a188 ; . | ||
| 365 | _a2.00 | ||
| 504 | _a | ||
| 942 | _cBK | ||
| 999 |
_c8290 _d8290 |
||